The bagnios of Algiers (Record no. 87879)
[ view plain ]
| 000 -LEADER | |
|---|---|
| fixed length control field | 01729nam a2200421Ia 4500 |
| 082 04 - DEWEY DECIMAL CLASSIFICATION NUMBER | |
| Classification number | 862/.3 |
| 100 1# - MAIN ENTRY--AUTHOR NAME | |
| Personal name | Cervantes Saavedra, Miguel de, |
| 245 14 - TITLE STATEMENT | |
| Title | The bagnios of Algiers |
| 260 ## - PUBLICATION, DISTRIBUTION, ETC. (IMPRINT) | |
| Place of publication | Philadelphia : |
| Name of publisher | University of Pennsylvania Press, |
| Year of publication | c2010. |
| 300 ## - PHYSICAL DESCRIPTION | |
| Number of Pages | xxviii, 177 p. |
| 650 #0 - SUBJECT ADDED ENTRY--TOPICAL TERM | |
| Topical Term | Islam |
| Topical Term | Captivity |
| 700 1# - ADDED ENTRY--PERSONAL NAME | |
| Personal name | Fuchs, Barbara, |
| Personal name | Ilika, Aaron. |
| Personal name | Cervantes Saavedra, Miguel de, |
| 856 40 - ELECTRONIC LOCATION AND ACCESS | |
| Uniform Resource Identifier | http://site.ebrary.com/lib/rucke/Doc?id=10576129 |
No items available.
